The Contemporary Television Series : (Record no. 587667)

MARC details
000 -LEADER
fixed length control field 00472nam a2200193 a 4500
008 - FIXED-LENGTH DATA ELEMENTS--GENERAL INFORMATION
fixed length control field 250917s2005##################000#0#eng##
020 ## - INTERNATIONAL STANDARD BOOK NUMBER
ISBN 9780748619009
082 04 - DEWEY DECIMAL CLASSIFICATION NUMBER
Classification number 791.4575
Item number HAM
100 1# - MAIN ENTRY--AUTHOR NAME
Personal name Hammond, Michael,
245 10 - TITLE STATEMENT
Title The Contemporary Television Series :
260 ## - PUBLICATION, DISTRIBUTION, ETC. (IMPRINT)
Year of publication 2005.
300 ## - PHYSICAL DESCRIPTION
Number of Pages 280 pages
650 #0 - SUBJECT ADDED ENTRY--TOPICAL TERM
Topical Term Performing Arts.
942 ## - ADDED ENTRY ELEMENTS (KOHA)
Koha item type English Books
Holdings
Withdrawn status Lost status Damaged status Not for loan Home library Current library Shelving location Date acquired Full call number Accession Number Price effective from Koha item type
        Anna Centenary Library Anna Centenary Library 6TH FLOOR, B WING 17.09.2025 791.4575 HAM 372428 17.09.2025 English Books

Find us on the map